The Story Of Us lyrics - Statistics

General Stats
  • This quiz has been taken 593 times
  • The average score is 387 of 452
Answer Stats
Lyrics % Correct
the
100%
The
100%
a
99%
an
99%
and
99%
And
99%
I
99%
of
99%
story
99%
us
99%
to
98%
me?
97%
me
97%
we
97%
now
96%
Now
96%
now,
96%
you,
96%
you
96%
in
95%
on
95%
like
94%
How
93%
how
93%
know
93%
know,
93%
I'm
92%
is
91%
Is
91%
it
91%
look
91%
not
91%
room
91%
say,
91%
say
91%
we're
91%
were
91%
speaking
90%
tell
90%
think
90%
it's
89%
next
89%
Next
89%
one
89%
So
89%
so
89%
used
89%
day
88%
day,
88%
don't
88%
killing
88%
who
88%
alone
87%
dying
87%
looks
87%
lot
87%
standing
87%
tragedy
87%
but
86%
But
86%
end
86%
end.
86%
my
86%
this
86%
This
86%
what
86%
be
85%
chapter
85%
crowded
85%
that
85%
when
85%
your
84%
would
83%
can
82%
down
82%
sparks
81%
they
81%
was
81%
twist
80%
lucky
79%
met
79%
Oh,
79%
wish
79%
all
78%
instantly
78%
ones"
78%
you're
78%
knew,
77%
many
77%
things
77%
spot
76%
flew
75%
place
75%
we'd
75%
can't
74%
ending
74%
People
74%
empty
73%
for
73%
Yeah,
73%
break
72%
'cause
72%
seat
72%
'cause
71%
simple
71%
"They're
71%
through
71%
fate,
70%
I'd
70%
page
70%
up,
70%
up
70%
walls
70%
searching
69%
even
68%
loud
68%
never
68%
See
68%
see
68%
heard
67%
silence
67%
complication,
66%
miss
66%
are
65%
fall
65%
if
65%
lately
65%
quite
65%
soon
65%
might
64%
miscommunications
64%
side
64%
Why
64%
I'll
63%
love
63%
out
63%
way?
63%
better
61%
broke
61%
lead
61%
nothing?
61%
since
61%
care
60%
less
60%
looking
60%
avoid
59%
here,
59%
liked
59%
pretending
59%
saw
59%
act
58%
contest
58%
best
57%
busy
57%
doing
57%
held
57%
trying
57%
should've
56%
you'd
56%
How'd
55%
mind
54%
than
54%
armor
53%
fight
53%
rather
53%
hands
52%
losing
52%
nervously
52%
starting
52%
pride
51%
at
50%
scared
50%
battle's
48%
lay
47%
pulling
47%
clothes
46%
going
39%
No matching quizzes found
Score Distribution
Percent of People with Each Score
Percentile by Number Answered
Your Score History
You have not taken this quiz